000 01136 a2200217 4500
001 59598
005 20260407155850.0
008 260407a1982 arg spa d
003 AR-UNSa-BCEJYS
040 _aAR-UNSa-BCEJYS
_bspa
_cAR-UNSa-BCEJYS
080 _a658.012.261
_xSuceso-nodo-red. Orientación al suceso. PERT (Técnica de Revisión y Evaluación de Proyectos)
245 1 0 _aIntroducción a la evaluación social de proyectos
_panálisis costo beneficio
264 1 _aBuenos Aires :
_bEdiciones Macchi
_c1982
300 _a101 p.
_c22 cm.
505 _a1. Introducción - 2. La evaluación de Proyectos por las empresas - 3. La evaluación Social de Proyectos - 4. Efectos de algunas medidas de política económica - 5. Identificación de los costos y los beneficios - 6. La tasa de actualización social - 7. La valorización de los "inputs" y los "outputs" - 8. Algunos ejemplos de aplicación - 9. Consideraciones sobre la aplicación del análisis costo - beneficio
041 _aspa
942 _cBK
590 _aniveau_biblio:m niveau_hierar:0
100 1 _aSamitier, Jorge A.
700 1 _aSamitier, María C. D. de
999 _c6750
_d6750